000 02383nam0a2200409 4500
001 RU\NLR\BIBL_A\012405549
005 20201210174736.0
010 _a978-5-7937-1689-5
_9250
021 _aRU
_bКН-П-20-044568
_9КН-П-20-3404
021 _aRU
_bКН-П-20-044568
_9КН-П-20-3661
035 _a(NLR Aleph) 012405549
035 _a(RuMoRGB)010388233
090 _a11747869
_c11747869
100 _a20201117d2019 k y0rusy50 ca
101 0 _arus
_aeng
102 _aRU
105 _ay z 101z
181 0 _ai
_baxxe
182 0 _an
200 1 _aИнновации молодежной науки
_eтезисы докладов Всероссийской научной конференции молодых ученых
_fМинистерство науки и высшего образования Российской Федерации
203 _aТекст
_bвизуальный
_cнепосредственный
210 _aСанкт-Петербург
_cСПбГУПТД
_d2019
215 _a522 с.
_d21
300 _aЗагл. обл.: Инновации молодежной науки Санкт-Петербургского государственного университета технологии и дизайна
300 _aТекст рус., англ.
320 _aАлф. указ.: с. 519-522
512 1 _aИнновации молодежной науки Санкт-Петербургского государственного университета технологии и дизайна
606 1 _aВысшие учебные заведения
_jСборники
_xНаучные конференции
_yСанкт-Петербург, город
_92316607
_3RU\NLR\AUTH\6601611383
686 1 _aЯ431(2-2СПб)3
711 1 2 _a"Инновации молодежной науки", всероссийская научная конференция молодых ученых
_eСанкт-Петербург
_f2019
_9724433
_3RU\NLR\AUTH\880531170
712 0 2 _4475
_aСанкт-Петербургский государственный университет технологии и дизайна
_9278991
_3RU\NLR\AUTH\883830
942 _cBOOK
980 _aNBR
980 _aNB